Vista normal
Vista MARC
Entrada Materia (personas)
Número de registros utilizados en: 1
001 - CONTROL NUMBER
- control field: 158771
003 - CONTROL NUMBER IDENTIFIER
- control field: Co-BoUCM
005 - DATE AND TIME OF LATEST TRANSACTION
- control field: 20211110120342.0
008 - FIXED-LENGTH DATA ELEMENTS
- fixed length control field: 211110|| aca||aabn | a|a d
040 ## - CATALOGING SOURCE
- Original cataloging agency: Co-BoUCM
- Transcribing agency: Co-BoUCM
100 ## - HEADING--PERSONAL NAME
- Personal name: Furtado de Oliveira, Fernando
670 ## - SOURCE DATA FOUND
- Source citation: Work cat.: (Co-BoUCM)34447: Simposio Internacional de Avalúos [7: 2001 oct. 18: Bogotá ] 158770, La ciudad se valoriza con obras públicas Efectos producidos por la generación y recuperación del espacio público y el medio ambiente, 2001